000 00608nam a22002177a 4500
003 UA-OsUOA
001 77116
007 ta
008 20110901b un ||||| |||| 00| 0 ukr d
100 _aИванов И.
090 _a330
_bИ20
942 _cSA
040 _aUA-OsUOA
_brus
_cUA-OsUOA
_dUA-OsUOA
245 _aАнатомия отечественного импортозамещения
300 _aС.5-14
955 _a0
041 _arus
080 _a330
773 0 _w77115
_tМеждународная экономика
_dМ.
_d2011
_g4
650 7 _a330 Економіка взагалі
_2UDC
999 _c363418
_d363418